Der kleine Wassermann /

Hlavní autor: Preußler, Otfried, 1923-2013
Další autoři: Gayler, Winnie
Jazyk: Němčina
Vydáno: Stuttgart : Thienemann, [1956]
Témata:
Fyzický popis: 124 s.
Knihy
Uloženo v:
LEADER 00777nam a2200241 a 4500
001 000987553
003 CZ BrMZK
005 20180918132743.0
007 ta
008 010907s1956 gw 000 0 ger d
020 |a 3-522-10620-2 
040 |a BOA001  |b cze 
100 1 |a Preußler, Otfried,  |d 1923-2013  |7 jn19990201043  |4 aut 
245 1 4 |a Der kleine Wassermann /  |c Otfried Preußler ; Winnie Gayler, Ilustr. 
260 |a Stuttgart :  |b Thienemann,  |c [1956] 
300 |a 124 s. 
541 |a 11.1.1999 
653 |a dětská literatura 
700 1 |a Gayler, Winnie  |4 ill 
910 |a BOA001  |b NK-0003.213 
990 |a BK 
991 |z 000017752  |x 44 
996 0 |b 261D004063  |c NK-0003.213  |l Německá knihovna/2.patro  |r ZHR  |n 0  |p 0 rev. 2010 {K-03.213}  |h K-pre  |w 000987553  |u 000010  |a 0  |e BOA001  |j MZK50  |s V